000 00870nam a2200289 a 4500
003 AR-BaBNM
005 20251128210716.0
008 082120s2002 ||||||||||||||000 | spa||
020 _a950-739-512-1
040 _cAR-BaBNM
100 1 _aPlatts, David Earl
245 0 0 _aJugar a autodescubrirse
_bmétodo de la Fundación Findhorn para crear confianza dentro de un grupo
250 _a1ª ed.
260 _aBuenos Aires
_bErrepar
_c1997
300 _a170 p.
490 0 _aLibros para crecer juntos
500 _aContiene lecturas recomendadas
500 _aContiene información sobre el autor y sobre la Fundación Findhorn
650 4 _aDINAMICA DE GRUPO
650 4 _aCONDUCTA DEL GRUPO
650 4 _aDESARROLLO AFECTIVO
650 4 _aACTIVIDADES EN GRUPO
650 4 _aMETODOS DE ANIMACION
650 4 _aJUEGO
942 _cBK
998 _cRAQUEL
999 _c16549
_d16549